000 02723nas a2200481 a 4500
005 20090821155114.0
008 070121c20039999ii gr 0 0eng
010 _aENG-94809
020 _a9788132100843
_c995.00
035 _aEN-78342
037 _bDBAD / PUB
040 _adpl
_bEnglish
082 _a303.4833095
245 _aDigital review of Asia Pacific /
_cedited by Shahid Akhtar ...[et.al]
246 _aDirAP
260 _aNew Delhi
_bSAGE Publications
_c2009
270 _aB1/I-1 Mohan Cooperative Industrial Area, Mathura Road,
_bNew Delhi
_e110044
300 _axxvii, 391p.
_c30cm(pbk)
_eCD-ROM
500 _aPublished by: 2007/2008-, SAGE Publications, New Delhi, India.
500 _aLatest issue consulted: 2009/2010
530 _aAlso issued in electronic format online and on CD-ROM.
550 _aCo-published by: 2003/2004, Asia-Pacific Development Information Programme, Pan Asia Networking Programme, and ORBICOM; 2005/2006, also includes Agence intergouvernementale de la francophonie; 2007/2008, ORBICOM and International Development Research Cent
650 _aInformation technology
_zPacific Area
_vPeriodicals.
650 _aInformation technology
_zAsia
_vPeriodicals.
650 _aInformation technology projects
_zPacific Area
_vPeriodicals.
650 _aInformation technology projects
_zAsia
_vPeriodicals.
650 _aInformation technology
_xGovernment policy
_zPacific Area
_vPeriodicals.
650 _aInformation technology
_xGovernment policy
_zAsia
_vPeriodicals.
650 _aInformation technology
_xTechnological innovations
_xEconomic aspects
_zPacific Area
_vPeriodicals.
650 _aInformation technology
_xTechnological innovations
_xEconomic aspects
_zAsia
_vPeriodicals.
650 _aCommunication and technology
_xEconomic aspects
_xSocial aspects
_zPacific Area
_vPeriodicals.
650 _aCommunication and technology
_xEconomic aspects
_xSocial aspects
_zAsia
_vPeriodicals.
650 _aEconomic development
_xEffect of technological innovations on
_zPacific Area
_xStrategic aspects
_vPeriodicals.
650 _aEconomic development
_xEffect of technological innovations on
_zAsia
_xStrategic aspects
_vPeriodicals.
700 _aShahid Akhtar
710 _aAsia-Pacific Development Information Programme.
710 _aPan Asia Networking Programme.
710 _aORBICOM.
710 _aAgence intergouvernementale de la francophonie.
710 _aInternational Development Research Centre (Canada)
942 _2ddc
_cEN
_mDIG
_h303.4833095
999 _c29420
_d29420